000 01044nam0a22002891 4500
001 rc\3773065
005 20250530044544.0
021 _aRU
_b[75-4551]
035 _a(NLR Aleph) 007226592
090 _a7714137
_c7714137
100 _a20120127d1975 |||y0rusy50 ca
101 0 _arus
102 _aRU
105 _aa z |||||
200 1 _aРастительный мир высокогорного Урала
_fАН СССР. Секция хим.-технол. и биол. наук
210 _aМосква
_cНаука
_d1975
215 _a283 с.
_cил.
_d26
320 _aУказ. латин. назв. растений: с. 274-281
320 _aСписок лит.: с. 264-273
606 _aРастительность горная
_yУрал
_2psbo
700 1 _4070
_7ca
_8rus
_aГорчаковский
_bП. Л.
_f1920-2008
_gПавел Леонидович
_9248285
_3RU\NLR\AUTH\770248341
801 0 _aRU
_bNLR
_gpsbo
801 1 _aRU
_bELAR
_2rusmarc
852 _aNLR
_j74-7/1325
942 _cBOOK
980 _aNB